=LDR 00000nam 2200000 4500 =001 INLIS000000000001833 =005 20200916111158 =035 ##$$a 0010-061300000001833 =008 200916################g##########0#ind## =041 ##$$a Ind =082 ##$$a 306 =090 ##$$a 709.598, Kay s =100 1#$$a Kayam, Umar =245 1#$$a Seni, tradisi, masyarakat, Umar Kayam /$c Umar Kayam =260 ##$$a Jakarta :$b Sinar Harapan,$c 1981 =300 ##$$a 184 hlm : $b ilus ; $c 14 x 21 cm =650 #4$$a Seni tradisional =850 ##$$a NBPNMAT =084 ##$$a 306 KAY s =250 ##$$a cet. 1 =990 ##$$a 9.078/pro-82 =990 ##$$a 10.114/Pro.96 =990 ##$$a 10.113/Pro.96 =990 ##$$a 00055738 =990 ##$$a 00030242 =990 ##$$a 10.114/Pro.96 =990 ##$$a 9.078/pro-82 =990 ##$$a 10.113/Pro.96 =990 ##$$a 00055738 =990 ##$$a 00030242 =990 ##$$a 10.113/Pro.96 =990 ##$$a 9.078/pro-82 =990 ##$$a 10.114/Pro.96 =990 ##$$a 00055738 =990 ##$$a 00030242 =990 ##$$a 00030242 =990 ##$$a 9.078/pro-82 =990 ##$$a 10.114/Pro.96 =990 ##$$a 10.113/Pro.96 =990 ##$$a 00055738 =990 ##$$a 00055738 =990 ##$$a 9.078/pro-82 =990 ##$$a 10.114/Pro.96 =990 ##$$a 10.113/Pro.96 =990 ##$$a 00030242 =990 ##$$a 9.078/pro-82 =990 ##$$a 10.114/Pro.96 =990 ##$$a 10.113/Pro.96 =990 ##$$a 00055738 =990 ##$$a 00030242